[Event "Urals-ch"]
[Site "Khanty-Mansiysk"]
[Date "2021.03.16"]
[Round "6"]
[White "Zemlyanskii, Ivan"]
[Black "Ermakov, Kirill Il"]
[Result "1-0"]
[WhiteElo "1950"]
[BlackElo "1774"]
[PlyCount "97"]
[EventDate "2021.03.11"]
[EventType "swiss"]
[EventRounds "9"]
[EventCountry "RUS"]
[SourceTitle "CBM 201 Extra"]
[Source "ChessBase"]
[SourceDate "2021.05.31"]
[SourceVersion "1"]
[SourceVersionDate "2021.05.31"]
[SourceQuality "1"]

1. e4 c5 2. Nf3 Nc6 3. d4 cxd4 4. Nxd4 e5 5. Nb5 d6 6. a4 Be7 7. N1c3 a6 8. Na3 Nf6 9. Bc4 Be6 10. Bg5 0-0 11. Bxf6 Bxf6 12. Nd5 Bg5 13. 0-0 Kh8 14. c3 f5 15. Nb6 Qxb6 16. Bxe6 fxe4 17. Nc4 Qd8 18. Qxd6 Rf6 19. Qd7 Qe7 20. Qxe7 Nxe7 21. Bh3 Ng6 22. g3 b6 23. Bg2 Rc8 24. Ne3 Bxe3 25. fxe3 Rxf1+ 26. Kxf1 Rc4 27. Ke1 a5 28. Bf1 Rc7 29. Rd1 Kg8 30. Rd6 Rb7 31. Bg2 b5 32. Bxe4 Rb8 33. axb5 Rxb5 34. Rd2 Ne7 35. Kd1 a4 36. Kc2 Ra5 37. Rd8+ Kf7 38. Ra8 Rxa8 39. Bxa8 Kf6 40. Be4 Ke6 41. Kd3 h6 42. Kc4 g5 43. Kb4 g4 44. Kxa4 Nd5 45. Bxd5+ Kxd5 46. Kb5 Ke4 47. c4 Kxe3 48. c5 e4 49. c6 1-0